| 000 | 00837nam a2200241 i 4500 | ||
|---|---|---|---|
| 001 | 169341 | ||
| 003 | ES-MaACL | ||
| 005 | 20230906214050.0 | ||
| 007 | t| | ||
| 008 | 080901s2007 sp |||| | spa d | ||
| 080 | _a316.32(460) | ||
| 100 | 1 |
_aPérez Díaz, Víctor. _990833 |
|
| 245 | 1 | 0 |
_aTradición ciudadana "versus" tradición cortesana _b: sociedad civil y política en la España de hoy / _cVíctor Pérez Díaz. |
| 260 |
_aMadrid : _bCírculo de Empresarios, _c[2007] |
||
| 300 |
_a46 p. ; _c22 cm. |
||
| 490 | 1 |
_aConferencias del Círculo ; _v6 |
|
| 650 | 1 | 4 |
_aSociedad civil- _zEspaña. _9138424 |
| 651 | 4 |
_aEspaña- _xPolítica y gobierno- _y1975- _9159606 |
|
| 710 | 2 |
_aCírculo de Empresarios. _92821 |
|
| 830 | 0 |
_aConferencias del Círculo ; _v6 _9188852 |
|
| 852 |
_aES-MaACL _j2234-F-5 |
||
| 999 |
_c169341 _d169341 |
||